000 00440pab a2200145 454500
008 180718b2000 xxu||||| |||| 00| 0 eng d
100 _aOlivera, Fernando
245 _aMemory systems in organizations: an empirical investigation of mechanisms for knowledge collection, storage and access
260 _c2000
300 _ap.811-32
362 _aSep
650 _aOrganizations
773 _aJournal of Management Studies
909 _a47479
999 _c47479
_d47479